Tilastot visalle Italian suurimmat kaupungit

Klikkaa tästä pelataksesi tätä visaa!

Yleistilastot

  • Tätä visaa on pelattu 341 kertaa
  • Keskiarvotulos 9 / 20

Vastaustilastot

VäkilukuKaupunki% Oikein
2 872 800Rooma
100%
1 366 180Milano
90%
966 144Napoli
85%
261 321Venetsia
76%
882 523Torino
72%
380 948Firenze
66%
668 405Palermo
60%
580 097Genova
43%
389 261Bologna
38%
257 275Verona
38%
323 370Bari
35%
195 687Parma
33%
204 338Trieste
23%
311 620Catania
22%
185 273Modena
18%
196 745Brescia
14%
234 293Messina
13%
210 440Padova
12%
198 283Taranto
11%
193 325Prato
6%

Tulosjakauma

Persentiili vastausten määrän mukaan

Jokaisen tuloksen saaneiden osuus

Tuloshistoriasi

Et ole pelannut tätä visaa